|
|
|
|
| LEADER |
00000cam a2200000 7i4500 |
| 001 |
0000002662 |
| 005 |
20030930.0 |
| 090 |
0 |
0 |
|a 634.920959521
|b APP 1988
|
| 245 |
0 |
3 |
|a An APPRAISAL of forest management in Sabah
|c S. K. Bhargava and Domingo Chai Nai Ping
|
| 260 |
0 |
0 |
|a Sandakan, Sabah :
|b Sabah State Forestry Department ,
|c 1988
|
| 300 |
|
|
|a Various pagings, charts :
|b folded map ;
|c 30 cm.
|
| 440 |
0 |
0 |
|a FO:DP/MAL/85/004
|
| 650 |
0 |
0 |
|a Forest and forestry
|z Sabah
|
| 650 |
0 |
0 |
|a Forest management
|z Sabah
|
| 650 |
0 |
0 |
|a Logging
|z Sabah
|
| 700 |
0 |
1 |
|a Chai
|h Domingo Nai Ping
|
| 710 |
1 |
1 |
|a Food and Agriculture Organization of the United Nations (FAO)
|
| 710 |
1 |
1 |
|a United Nations Development Programme (UNDP)
|
| 998 |
|
|
|a JPSM
|
| 999 |
|
|
|a 0000004010
|b Monograph
|c Open Shelf
|e Default branch
|